Quick Pick: 2010s - Solo or Group? Quiz Stats

 Plays Quiz Updated Apr 3, 2019

Score 0/15 Timer 01:00
2 Plays Today
% Correct
Adele
96.1%
Drake
95.7%
Beyoncé
95.2%
Kesha
94.8%
Pink
94.5%
Sia
94%
Lorde
91.8%
Kendrick Lamar
90.7%
% Correct
Khalid
89.9%
Wiz Khalifa
89.5%
Halsey
85.7%
Childish Gambino
74.9%
Marshmello
67.4%
The Weeknd
67%
Skrillex
66.1%

Today's Daily Dose

Missing Word
Sherlocks

Word Ladder
King of the Hill

Quick Pick
Songs in Pink

Get the Picture
NBA Teammates

You're not logged in!

Compare scores with friends on all Sporcle quizzes.
OR
Log In

Sporcle TV

Today on Sporcle TV


Watch our educational content, quiz creation guides, and fun videos on Sporcle TV.

Show Comments

Extras

Top Quizzes Today


Score Distribution

Your Account Isn't Verified!

In order to create a playlist on Sporcle, you need to verify the email address you used during registration. Go to your Sporcle Settings to finish the process.

Report this User

Report this user for behavior that violates our Community Guidelines.

Details: